00598nam a22002057a 450000500170000001000130001702000100003003500130004003700160005304000120006908200130008110000190009424500660011326000370017927000430021630000240025950000610028365000320034465000160037620170124110140.0 aA-679320 c00.00 aA-679320 bCen Lib/Ret aDPLbEN a150bKUP aKuppuswamy, B. aSource book of ancient indian psychology /cby B. Kuppuswamy  aDelhi bKonark Publishers c1993 aA-149, main vikas margbDelhi e110092 avi, 359p.c21cm(Hb) aIncludes glossary, bibliographical references and index  aPsychology zAncient india  aPhilosophy